| 000 | 00842nam a22002297a 4500 | ||
|---|---|---|---|
| 005 | 20240530110347.0 | ||
| 008 | 141210s2009 ua po f 000 0 ara d | ||
| 017 |
_a17977/2009 _bمصر . دار الكتب المصرية |
||
| 020 | _a977180867x | ||
| 040 | _aEG-CaGPL | ||
| 041 | 1 | _aara | |
| 082 | 0 | 4 |
_221 _a726.1 _bق/هـ ج |
| 100 | 1 | _aهرتس ، مكس | |
| 245 | 1 | 0 |
_aجامع السلطان حسن بمصر / _cتاليف مكس هرتس ؛ عربه عن اللغة الفرنساوية على بهجت |
| 260 |
_aالقاهرة : _bدار الكتب والوثائق القومية ، _c2009 |
||
| 300 |
_a35 ص : _bصور ؛ _c28 سم |
||
| 650 | 0 | 4 | _aمسجد السلطان حسين |
| 650 | 0 | 4 |
_aالمساجد _zمصر |
| 650 | 0 | 4 |
_aالمساجد _xعمارة |
| 700 | 0 |
_aعلى هجت _eمترجم |
|
| 942 |
_2ddc _cBK |
||
| 999 |
_c60001 _d60001 |
||